the virgin suicides quiz - Statistics

General Stats
  • This quiz has been taken 29 times
  • The average score is 13 of 15
Answer Stats
Hint Answer % Correct
fourth sister Lux
96%
...and the second Mary
92%
fifth and youngest Lisbon sister Cecilia
88%
___ was the first to go Cecilia
88%
___ was the last to go Lux
88%
How old was Cecilia? 13
84%
How old was Bonnie? 15
84%
How old was Mary? 16
84%
..third Bonnie
84%
The first Lisbon sister Therese
84%
How old was Lux? 14
80%
How old was Therese? 17
76%
Who directed the movie? Sofia Coppola
76%
Who takes Lux to prom? Trip Fontaine
76%
Who plays Lux? Kirsten Dunst
72%
No matching quizzes found
Score Distribution
Percent of People with Each Score
Percentile by Number Answered
Your Score History
You have not taken this quiz